| 000 | 00501nam a2200181 a 4500 | ||
|---|---|---|---|
| 005 | 20140310183550.0 | ||
| 008 | 111012s19uu xx 00 eng d | ||
| 020 | _a9780736056304 | ||
| 050 |
_aGV 1796.T3 _b.P39 2008 |
||
| 100 | _aPaz, Alberto | ||
| 245 |
_aGotta Tango / _cAlberto Paz, Valorie Hart. |
||
| 260 |
_aUnited States : _bHuman Kinetics, _c2008. |
||
| 300 |
_a185 p. : _bill. ; _c27 cm. |
||
| 650 | _aTango (Dance) | ||
| 700 | _aHart, Valorie | ||
| 942 |
_cBK _2lcc _kFOR |
||
| 999 |
_c24937 _d24937 |
||